=LDR 00000nam 2200000 4500 =001 INLIS000000000009335 =005 20130612101135 =008 ***********************************Ind** =035 ##$$0010-061300000009335 =041 ##$$a Ind =082 ##$$a 745.93 =090 ##$$a 745.93, Kus - S =100 ##$$a Kusumo, Slamet Hendro =245 ##$$a Seni Merangkai Buah dan Sayur, Slamet Hendro, Kusumo =260 ##$$a 1994 $b Bandung =300 ##$$a 28 hlm, ilus, 21 cm =650 ##$$a Merangkai Buah =850 ##$$a NBPNMAT